Distributed .NET programming in C / (Record no. 499)

MARC details
000 -LEADER
fixed length control field 00516nac a22001691u 4500
008 - FIXED-LENGTH DATA ELEMENTS--GENERAL INFORMATION
fixed length control field 100906s2002 cau|||||r|||| 001 0 eng d
020 ## - INTERNATIONAL STANDARD BOOK NUMBER
International Standard Book Number 1590590392
082 ## - DEWEY DECIMAL CLASSIFICATION NUMBER
Classification number 005.2768
Item number BAR
Edition number 22
245 ## - TITLE STATEMENT
Title Distributed .NET programming in C /
Statement of responsibility, etc Tom Barnaby.
260 ## - PUBLICATION, DISTRIBUTION, ETC. (IMPRINT)
Place of publication, distribution, etc Berkeley, CA :
Name of publisher, distributor, etc Apress,
Date of publication, distribution, etc c2002.
300 ## - PHYSICAL DESCRIPTION
Extent 494 p. :
Other physical details ill. ;
Dimensions 24 cm.
440 ## -
-- The expert's voice
-- 18448
500 ## - GENERAL NOTE
General note Includes index.
650 ## - SUBJECT ADDED ENTRY--TOPICAL TERM
Topical term or geographic name as entry element Microsoft .NET.
9 (RLIN) 18449
650 ## - SUBJECT ADDED ENTRY--TOPICAL TERM
Topical term or geographic name as entry element Internet programming.
9 (RLIN) 18450
942 ## - ADDED ENTRY ELEMENTS (KOHA)
Item type Book - Borrowing
Call number prefix 005.2768 BAR
Source of classification or shelving scheme Dewey Decimal Classification
Holdings
Withdrawn status Item status Source of classification or shelving scheme Damaged status Not for loan Vendor Home library Current library Shelving location Date acquired Source of acquisition Cost, normal purchase price Total Checkouts Full call number Barcode Date last seen Cost, replacement price Koha item type
    Dewey Decimal Classification       Central Library Central Library Lower Floor 06/05/2013   350.00   005.2768 BAR 000004122 15/07/2025 437.50 Book - Borrowing